书目信息 |
| 题名: |
给教师的建议
|
|
| 作者: | 苏霍姆林斯基 著 ;杜殿坤 编译 | |
| 分册: | 下册 | |
| 出版信息: | 北京 教育科学出版社 1981 |
|
| 页数: | 358页 | |
| 开本: | 19cm | |
| 丛书名: | ||
| 单 册: | ||
| 中图分类: | G551.2 | |
| 科图分类: | ||
| 主题词: | 教学理论--苏联 , 教育事业--世界 | |
| 电子资源: | ||
| ISBN: | ||
| 000 | 00757nam0 2200253 45 | |
| 001 | 0180002668 | |
| 005 | 20060813085122.62 | |
| 010 | @dCNY0.97 | |
| 091 | @a7232.82 | |
| 100 | @a19950428f1981 em y0chiy0121 ea | |
| 101 | 1 | @achi@crus |
| 102 | @aCN@b110000 | |
| 105 | @ay z 000yy | |
| 200 | 10 | @a给教师的建议@Agei jiao shi de jian yi@h下册@f(苏)В·А·苏霍姆林斯基著@F(su)В·А·su huo mu lin si ji zhu@g杜殿坤编译 |
| 210 | @a北京@c教育科学出版社@d1981 | |
| 215 | @a358页@d19cm | |
| 606 | @a教学理论@y苏联 | |
| 606 | 0 | @a教育事业@x世界 |
| 690 | @aG551.2@v4 | |
| 701 | 1 | @a苏霍姆林斯基@Asu huo mu lin si ji@4著 |
| 702 | 0 | @a杜殿坤@Adu dian kun@4编译 |
| 801 | 2 | @aCN@bNLC@c20060813 |
| 801 | 0 | @aCN@b上海图书馆@c20060811 |
| 905 | @dG551.2@e3:2 | |
| 给教师的建议.下册/(苏)В·А·苏霍姆林斯基著/杜殿坤编译.-北京:教育科学出版社,1981 |
| 358页;19cm |
| ISBN :CNY0.97 |
| ● |
| 相关链接 |
|
|
|
|
正题名:给教师的建议
索取号:G551.2/3:2
 
预约/预借
| 序号 | 登录号 | 条形码 | 馆藏地/架位号 | 状态 | 备注 |
| 1 | 0069470 | 202232360 | 密集书库/ [索取号:G551.2/3:2] | 在馆 | |
| 2 | 0069471 | 001516988 | 密集书库/ [索取号:G551.2/3:2] | 在馆 | |
| 3 | 0069472 | 001516817 | 密集书库/ [索取号:G551.2/3:2] | 在馆 | |
| 4 | 0069473 | 000464269 | 密集书库/ [索取号:G551.2/3:2] | 在馆 | |
| 5 | 0069474 | 001517022 | 密集书库/ [索取号:G551.2/3:2] | 在馆 | |
| 6 | 0069475 | 001516933 | 密集书库/ [索取号:G551.2/3:2] | 在馆 | |
| 7 | 0069476 | 001516899 | 密集书库/ [索取号:G551.2/3:2] | 在馆 | |
| 8 | 0069477 | 001516853 | 密集书库/ [索取号:G551.2/3:2] | 在馆 | |
| 9 | 0069478 | 001516238 | 密集书库/ [索取号:G551.2/3:2] | 在馆 | |
| 10 | 0069479 | 001516979 | 密集书库/ [索取号:G551.2/3:2] | 在馆 | |
| 11 | 0440931 | 204409318 | 密集书库/ [索取号:G551.2/3:2] | 在馆 | |
| 12 | 0448358 | 204483585 | 密集书库/ [索取号:G551.2/3:2] | 在馆 | |
| 13 | 0448597 | 204485976 | 密集书库/ [索取号:G551.2/3:2] | 在馆 | |
| 14 | 0459104 | 204591049 | 密集书库/ [索取号:G551.2/3:2] | 在馆 | |
| 15 | 0459105 | 204591058 | 密集书库/ [索取号:G551.2/3:2] | 在馆 | |
| 16 | 0459106 | 204591067 | 密集书库/ [索取号:G551.2/3:2] | 在馆 |